Btrieve Programátorská příručka

Guardado en:
Detalles Bibliográficos
Autor principal: Pavlas, Jiří
Otros Autores: Melena, Milan
Formato: Libro
Lenguaje:checo
Publicado: Praha Grada 1992
Edición:1. vyd.
Colección:Nestůjte za dveřmi
Materias:
Etiquetas: Agregar Etiqueta
Sin Etiquetas, Sea el primero en etiquetar este registro!

MARC

LEADER 00000nam a2200000 4500
001 c003623
005 20240422094303.3
020 |a 80-85424-31-2 
041 0 |a cze 
044 |a CZ 
245 1 0 |a Btrieve  |b Programátorská příručka  |c Jiří Pavlas, Milan Melena 
250 |a 1. vyd. 
264 1 |a Praha  |b Grada  |c 1992 
300 |a 226 s. 
490 1 |a Nestůjte za dveřmi 
830 0 |a Nestůjte za dveřmi 
610 2 0 |a Btrieve 
610 2 0 |a programovanie 
610 2 0 |a jazyky programovacie 
610 2 0 |a MAGIC II 
610 2 0 |a BUTIL 
100 1 |a Pavlas, Jiří 
700 1 |a Melena, Milan